| 000 | 00431nam a2200169 a 4500 | ||
|---|---|---|---|
| 001 | 0000-9022 | ||
| 003 | ELIB.Books | ||
| 008 | 110520 1984 | ||
| 035 | _a(ELIB.Books)0000-9171 | ||
| 082 |
_a225.7 _bCra |
||
| 100 | _aCraigie, Peter C. | ||
| 245 | _aTwelve Prophets vol-I. | ||
| 260 |
_bPhiladelphia: The Westminster Press _c1984 |
||
| 650 | _aReference | ||
| 942 |
_2ddc _cBK |
||
| 998 |
_cbat _e2011-05-20 |
||
| 999 |
_c9022 _d9022 |
||